000 00922nam a22002897a 4500
001 5523
003 FISKH
005 20241218081928.0
008 241216b cb ||||| |||| 00| 0 eng d
020 _a9780439153461
040 _aFISKH
_beng
_cFISKH
_dFISKH
050 _aQL761.S72
082 _a591.56
100 _aStonehouse, Bernard
245 _aShow-offs /
_cby Bernard Stonehouse
250 _aFirst printing , December 1999
260 _aNew York:
_bTangerine Press ;
_c1999.
300 _a48 pages :
_bcolor illustrations ;
_c29 cm .
505 _aS
520 _aPictures and text show how different animals use posture, plumage, or other natural decoration to warn, elude, or engage in courtship.
521 8 _a790
_bLexile estimate
521 8 _aS
_bRaz-Plus
650 _ascience
_vNon-fiction
700 _aFrancis , John
_eillustrator
942 _2ddc
_cBK
_n0
999 _c5523
_d5523